000 01525nam a22001937a 4500
008 251111b |||||||| |||| 00| 0 eng d
020 _a9780008532888
040 _cTBS
041 _aeng
100 _aPeyton, Tracey Rose
_926474
_eauthor
245 _aNight wherever we go :
_c/ Tracey Rose Peyton.
260 _aNew York, NY :
_bEcco, an imprint of HarperCollinsPublishers,
_c2023.
300 _a295 pages ;
_c22 cm.
520 _aOn a struggling Texas plantation, six enslaved women slip from their sleeping quarters and gather in the woods under the cover of night. The Lucys--as they call the plantation owners, after Lucifer himself--have decided to turn around the farm's bleak financial prospects by making the women bear children. They have hired a "stockman" to impregnate them. But the women are determined to protect themselves. Now each of the six faces a choice. Nan, the doctoring woman, has brought a sack of cotton root clippings that can stave off children when chewed daily. If they all take part, the Lucys may give up and send the stockman away. But a pregnancy for any of them will only encourage the Lucys further. And should their plan be discovered, the consequences willbe severe. Visceral and arresting, Night Wherever We Go illuminates each woman's individual trials and desires while painting a subversive portrait of collective defiance.
650 0 _aPlantations
_zTexas
_vFiction
_926475
650 0 _aSlaveholders
_vFiction
_926476
650 0 _aEnslaved women
_vFiction
_926477
942 _2lcc
999 _c5170
_d5170